La Araucana

Poema que hace referencia a un conflicto desarrollado entre 1550 y 1656 donde se enfrentó el imperio Español contra los mapuche perteneciente a la región que hoy conocemos como Chile. Obra publicada en tres partes en la que se destaca la particularidad de no poseer un protagonista único, pues el enf...

Ausführliche Beschreibung

Gespeichert in:
Bibliographische Detailangaben
1. Verfasser: Ercilla, Alonso de
Format: Buch
Sprache:Undetermined
Veröffentlicht: Managua, Nicaragua Nueva Nicaragua 1984
Schlagworte:
Tags: Tag hinzufügen
Keine Tags, Fügen Sie den ersten Tag hinzu!

MARC

LEADER 00000nam a2200000Ia 4500
008 170316s9999 xx 000 0 und d
040 |a cru BVZT 
090 |a 860 E-5a 
100 |a Ercilla, Alonso de  |9 1404 
245 |a La Araucana 
260 |a Managua, Nicaragua 
260 |b Nueva Nicaragua 
260 |c 1984 
300 |a 635 páginas (Biblioteca páginasopáginasular de Cultura Universal) 
520 |a Poema que hace referencia a un conflicto desarrollado entre 1550 y 1656 donde se enfrentó el imperio Español contra los mapuche perteneciente a la región que hoy conocemos como Chile. Obra publicada en tres partes en la que se destaca la particularidad de no poseer un protagonista único, pues el enfoque principal se encuentra en los pueblos involucrados en la lucha 
650 |a LITERATURA LATINOAMERICANA  |9 15 
999 |c 8645  |d 8645 
942 |c 15 D  |h 860 E-5a  |2 z